| 000 | 00506nam a2200169Ia 4500 | ||
|---|---|---|---|
| 003 | LK-CoDNM | ||
| 008 | 010623t1998 xxu||||| |||| 00| 1 sin d | ||
| 040 |
_aLK-CoDNM _dLK-CoDNM _eLK-CoDNM |
||
| 041 | _asin | ||
| 080 |
_a659.3 _bVIT |
||
| 100 | _aVithanage,Chandrasoma | ||
| 245 | _aගුවන්විදුලිය,රූපවාහිනිය,ජනතාව | ||
| 246 | _aGuwanviduliya,Rupawahiniya,Janathawa | ||
| 260 |
_bVishva Lekha _aRatmalana _c1998 |
||
| 300 | _b84p, 21 cm | ||
| 942 | _cBK | ||
| 999 |
_c118862 _d118862 |
||